आदर्शवाद के आयाम (Record no. 1715115)

MARC details
000 -LEADER
fixed length control field 00558nam a22001937a 4500
005 - DATE AND TIME OF LATEST TRANSACTION
control field 20260311124257.0
008 - FIXED-LENGTH DATA ELEMENTS--GENERAL INFORMATION
fixed length control field 260311b |||||||| |||| 00| 0 eng d
037 ## - SOURCE OF ACQUISITION
Terms of availability DSWL
040 ## - CATALOGING SOURCE
Original cataloging agency DSWL
Transcribing agency DSWL
041 ## - LANGUAGE CODE
Language code of original Hindi
084 ## - COLON CLASSIFICATION NUMBER
Classification number R3,21 Q5
100 ## - MAIN ENTRY--PERSONAL NAME
Personal name रवि, राजेंद्र
9 (RLIN) 1131654
245 ## - TITLE STATEMENT
Title आदर्शवाद के आयाम
260 ## - PUBLICATION, DISTRIBUTION, ETC.
Place of publication, distribution, etc. New Delhi,
Name of publisher, distributor, etc. IDS,
Date of publication, distribution, etc. 2015
300 ## - PHYSICAL DESCRIPTION
Extent 275p
365 ## - TRADE PRICE
Price type code INR
Price amount 410
942 ## - ADDED ENTRY ELEMENTS (KOHA)
Source of classification or shelving scheme Colon Classification (CC)
Koha item type Textual
Classification part R3,21 Q5
Suppress in OPAC No
Holdings
Withdrawn status Lost status Source of classification or shelving scheme Damaged status Not for loan Home library Current library Date acquired Source of acquisition Inventory number Total Checkouts Full call number Barcode Date last seen Price effective from Koha item type
    Colon Classification (CC)     Department of Social Work Library Department of Social Work Library 2016-03-16 Dr. Manoj Kumar Jha Gifted   R3,21 Q5 SW0032049 2026-03-11 2026-03-11 Textual
Copyright @ Delhi University Library System